Statystyki dla Rozpoznaj Rapera Po Tekscie Piosenki

Kliknij tutaj aby rozwiązać quiz!

Ogólne statystyki

  • Ten quiz został rozwiązany 647 razy
  • Średni wynik to 10 z 15

Statystyki odpowiedzi

Fragment piosenkiRaper% Poprawnych
I weź tą pracę odstaw Zapalmy papieroska Niech butelka nie ma końca Ze mną będzie zachód słońca I CaliforniaWhite2115
98%
Mój ziom się powiesił w Sylwestra A ciągle pamiętam, jak kradliśmy te flaszki z CarrefaMata
93%
W piątki leżę w wannie Nie mam siły tańczyć, ani chlaćTaco Hemingway
91%
Europa, Ameryki, przez Australię do Afryki Nie musi znać języków, żeby poznawać językiSolar/Białas
89%
Kiedy widzi mnie to chce podbić sama わりわせわりの młoda damaOtsochodzi
80%
To dla tych co cierpią, tych co są daleko I tęsknią mych ludzi co poznali piekło krzyczę głośno każdy z nas to czempionKizo
74%
Może znałeś człowieka, może słyszałeś jak gra jak mnie zapamiętasz? Czy zostanie po mnie ślad?Sarius
74%
Ojciec chillwagonu, nigdy w Maybach Kupie sobie domek na BahamachChillwagon
72%
Wznoszę dłonie, dziękując za błogosławieństwa Bo tacy jak ja to kończą w dwóch miejscachMalik Montana
68%
Życie jest jak kalambury, wiem co pokazywać jak wypuszczam z jointa chmury, to aż zmieniam klimatŻabson
59%
Dziś spadnie deszcz, a później pewnie znowu łzy Na zewnątrz dobrze, a wszystko w środku drżyQuebonafide
56%
Poznałem ludzi tak innych, że nigdy ich z głowy nie wyjmę, poznałem chłopaka co miał się za boga, dlatego weź schowaj ten towarSzpaku/Kubi Producent
48%
Proszę bilet do kontroli, to jest metro Metro buli, dzisiaj każdy trwoni bankrollSchafter
39%
La Martina, Maserati, ta5os krzywo patrzą Od Berlina do Warszawy FAMA idzie w miastoBlacha
28%
Piszę mi, że jestem słodki, co Ty, ćpałaś dopki? Czy dolega coś Ci?Adi Nowak
21%

Rozkład punktacji

Percentyl według liczby udzielonych odpowiedzi

Procent ludzi z każdym wynikiem

Twoja historia wyników

Nie rozwiązałeś tego quizu